000 00720nam a2200289Ia 4500
005 20260324133732.0
008 008 260324s9999 xx 000 0 eng d
020 _a9781315669236
037 _aEBOOK
040 _aCRL
040 _beng
040 _cCRL
041 _2eng
041 _aeng
084 _qCRL
100 _aLarry D. Terry
_91194196
245 0 _aLeadership of Public Bureaucracies: The Administrator as Conservator
245 4 _bThe Administrator as Conservator
260 _bTaylor and Francis
260 _c2003
365 _a
365 _b255
856 _uhttp://www.taylorfrancis.com/books/9781315669236
942 _cEBOOK
999 _c1793564
_d1793564